00998nam a2200205 4500001000700000003000900007005001700016008004100033080001600074100003400090240002100124245034700145260005500492300005200547504004500599505002800644546002800672651005000700852004200750174555ES-MaACL20250709063227.0100506s1763 sp pb |||| | spa d a27(460.117)1 aFlórez, Enrique,d1702-177310aEspaña sagrada10aEspaña sagrada. nTomo XVII, pLa santa iglesia de Orense en su estado antiguo y presente b: theatro geographico historico de la Iglesia de España : origen, divisiones, y limites de todas sus Provincias, Antiguedad, Translaciones, y estado antiguo y presente de sus Sillas, con varias Disertaciones criticas / csu autor Henrique Florez. aMadrid : ben la oficina de Antonio Marin, c1763. a[12], 340 p., [1] h. de lám. pleg. ; c20 cm. aÍndice alfabético de cosas notables.8 aApéndices, p. 241-330 aApéndices en latín. 4aOrense (Provincia)-xHistoria eclesiástica.4 aES-MaACLjR-1617-69 x C-16767-818